Άμπελος & οίνος : από Έλληνες χαράκτες-ζωγράφους τον 20ο αιώνα

Αποθηκεύτηκε σε:
Λεπτομέρειες βιβλιογραφικής εγγραφής
Κύριος συγγραφέας: Γρηγοράκης, Νίκος
Μορφή: Βιβλίο
Γλώσσα:Greek
Δημοσίευση: Αθήνα : Πινακοθήκη Γρηγοράκη - Μουσείο Χαρακτικής, 2005.
Θέματα:
Ετικέτες: Προσθήκη ετικέτας
Δεν υπάρχουν, Καταχωρήστε ετικέτα πρώτοι!

MARC

LEADER 00000cam a2200000 a 4500
001 1/111980
008 160920s2005####gr | ||| |||| ||gre||
020 |a 9608830222 
040 |a GR-MyUa  |b gre  |c GR-MyUa  |e AACR2 
041 0 |a gre 
082 7 |a 769.9495   |2 (23)  
100 1 |a Γρηγοράκης, Νίκος. 
245 1 0 |a Άμπελος & οίνος :   |b από Έλληνες χαράκτες-ζωγράφους τον 20ο αιώνα /   |c Νίκος Γρηγοράκης.  
260 |a Αθήνα :   |b Πινακοθήκη Γρηγοράκη - Μουσείο Χαρακτικής,   |c 2005.  
300 |a 61 σ. :   |b εικ. ;   |c 24 εκ. 
650 0 |a Engraving, Greek  |y 20th century. 
650 0 |a Painting, Greek  |y 20th century. 
650 0 |a Wine in art. 
852 |a INST  |b SYROS  |e 20160920  |h 769.9495 ΓΡΗ  |p 005500012745  |q 005500012745  |t BK  |y 0 
970 |a Κοντού  |b Παρασκευή  |z 20/09/2016